[Event "TCh-Paulista"]
[Site "Sao Paolo BRA"]
[Date "2011.02.26"]
[Round "1.12"]
[White "Bispo,L"]
[Black "Piekarski,A"]
[Result "1-0"]
[WhiteElo "2202"]
[BlackElo "2049"]

1.d4 c6 2.c4 d5 3.Nf3 Nf6 4.Nc3 a6 5.e3 b5 6.b3 Bg4 7.Be2 e6 8.h3 Bh5 9.Ne5 Bxe2
10.Qxe2 Bb4 11.Bd2 bxc4 12.bxc4 c5 13.O-O O-O 14.cxd5 cxd4 15.exd4 Bxc3 16.Bxc3 Nxd5
17.Bd2 Nd7 18.Qg4 N5f6 19.Qf3 Nxe5 20.dxe5 Nd5 21.Qg3 Kh8 22.a4 Rb8 23.a5 Rb5
24.Ra4 Qc7 25.Rg4 Ne7 26.Bb4 Rg8 27.Bd6 Qa7 28.Rc1 Nf5 29.Qf3 Rxa5 30.Rc7 Qb6
31.Rb7 Ra1+ 32.Kh2 Qa5 33.Rxf7 Qe1 34.Rxf5 exf5 35.Qxf5 Qh1+ 36.Kg3 Qb1 37.Qf7 Qa2
38.e6 Qd5 39.Qc7 Rc1 40.Qxc1 Qxd6+ 41.f4 Qxe6 42.Qa1 Qh6 43.Rg5 Rf8 44.Qa4 Qd6
45.Ra5 Ra8 46.Qe4 Rf8 47.Qc4 Ra8 48.Rd5 Qb6 49.Qd3 h6 50.Rd6 Qa7 51.Rc6 a5
52.Qc3 Re8 53.Rxh6+ Kg8 54.Qc4+ Kf8 55.Rh8+ Ke7 56.Qe4+  1-0

[Event "TCh-CZE 2010-11"]
[Site "Czech Rep CZE"]
[Date "2011.03.05"]
[Round "8.4"]
[White "Murdzia,P"]
[Black "Jirka,J"]
[Result "0-1"]
[WhiteElo "2461"]
[BlackElo "2424"]

1.d4 d5 2.c4 c6 3.Nf3 Nf6 4.Nc3 a6 5.c5 Nbd7 6.Bf4 Nh5 7.Bg5 h6 8.Be3 g5
9.g3 Bg7 10.Bg2 f5 11.Qc2 O-O 12.Rd1 Qe8 13.Bc1 e5 14.Nxe5 Nxe5 15.dxe5 Qxe5
16.Be3 Qe7 17.O-O f4 18.Bd4 Bxd4 19.Rxd4 Bf5 20.Qd1 Qxc5 21.e4 fxe3 22.g4 Bc2
23.Qxc2 Qxd4 24.gxh5 exf2+ 25.Kh1 Rf6 26.Ne2 Qe3 27.Rd1 Re8 28.Ng3 Qf4 29.Qc3 Re3
30.Qc1 Qe5 31.Nf1 Re2 32.Rd2 Re1 33.Qc2 Qe4 34.Qd3 Qxd3 35.Rxd3 Re2 36.Rb3 b5
37.a4 Kf7 38.axb5 axb5 39.Bf3 Rc2 40.Kg2 Ke6 41.Bd1 Rc1 42.Rd3 Ke5 43.h3 d4
44.Rd2 c5 45.Re2+ Kd5 46.Bc2 c4 47.Be4+ Kc5 48.Bg6 Kb4 49.Re5 Re1 50.Rd5 d3
51.Bf5 Re2 52.Ng3 Rxb2 53.Ne4 f1=Q+ 54.Kxf1 Ra6  0-1

[Event "ch-Subotica Open 2011"]
[Site "Subotica SRB"]
[Date "2011.03.09"]
[Round "8"]
[White "Guzsvany,A"]
[Black "Scepanovic,L"]
[Result "1/2-1/2"]
[WhiteElo "2147"]
[BlackElo "2154"]

1.d4 d5 2.c4 c6 3.Nf3 Nf6 4.Nc3 a6 5.e3 e6 6.Bd3 Nbd7 7.O-O Bd6 8.e4 dxc4
9.Bxc4 b5 10.e5 bxc4 11.exd6 Nb6 12.Bf4 O-O 13.Ne5 Bb7 14.Bg5 Qxd6 15.Bxf6 gxf6
16.Ne4 Qe7 17.Qg4+ Kh8 18.Qh4 Nd5 19.Ng4 Rg8 20.Ngxf6 Rg7 21.g3 c5 22.dxc5 Rc8
23.Qh6 Nxf6 24.Qxf6 Qxf6 25.Nxf6 Rg5 26.Nd7 Rc7 27.Rfd1 Rd5 28.Nf6 Rxd1+
29.Rxd1 Rxc5 30.Rd7 Kg7 31.Ne8+ Kf8 32.Nd6 Bd5 33.Rxf7+ Kg8 34.Rf4 c3 35.bxc3 Rxc3
36.Ne4 Rc1+ 37.Kg2 Ra1 38.Kh3 e5 39.Rh4 Kg7 40.Nc3 Bxa2 41.Rb4 Be6+ 42.Kg2 Ra3
43.Rb6  1/2-1/2

[Event "TCh-SWE Elitserien 2010-11"]
[Site "Sweden SWE"]
[Date "2011.03.11"]
[Round "9"]
[White "Volodin,Alek"]
[Black "Krantz,C"]
[Result "1-0"]
[WhiteElo "2433"]
[BlackElo "2190"]

1.d4 d5 2.c4 c6 3.Nf3 Nf6 4.Nc3 a6 5.a4 e6 6.e3 c5 7.Be2 Nc6 8.O-O dxc4 9.Bxc4 Be7
10.b3 O-O 11.Bb2 cxd4 12.Nxd4 Nxd4 13.exd4 b6 14.d5 e5 15.Re1 Bd6 16.Qd3 Bb7
17.Rad1 Qd7 18.h3 Rfd8 19.Bc1 h6 20.Qf3 Nh7 21.Bd3 Bc8 22.g4 Rf8 23.Ne2 Qe7
24.Ng3 Qh4 25.Qg2 Ng5 26.Bxg5 Qxg5 27.Ne4 Qd8 28.Nxd6 Qxd6 29.Qe4 f5 30.Qxe5 Qxe5
31.Rxe5 fxg4 32.d6 gxh3 33.d7 Bb7 34.Bf5 h2+ 35.Kxh2 Rad8 36.Rd6 Rf6 37.Rxf6  1-0

[Event "TCh-NED"]
[Site "Netherlands NED"]
[Date "2011.03.12"]
[Round "7.6"]
[White "Bosman,M"]
[Black "Saltaev,M"]
[Result "0-1"]
[WhiteElo "2330"]
[BlackElo "2483"]

1.d4 d5 2.c4 c6 3.Nc3 Nf6 4.Nf3 a6 5.a4 e6 6.g3 a5 7.Bg2 Na6 8.O-O Be7 9.b3 O-O
10.Bb2 Nb4 11.Re1 Ne4 12.e3 Rb8 13.Ne5 Nd6 14.Bf1 f6 15.Nf3 f5 16.Ne5 Nf7
17.Nxf7 Rxf7 18.Ne2 Bd7 19.Nf4 Qb6 20.Bc3 g5 21.Nh3 Rg7 22.Qd2 Qc7 23.Rac1 b6
24.f4 h6 25.Be2 Rf8 26.Rf1 Qb8 27.Nf2 Be8 28.Nd3 Nxd3 29.Qxd3 Bd6 30.Bd2 h5
31.Kf2 h4 32.Bf3 Rh7 33.Rg1 Rg7 34.Rc2 Qd8 35.cxd5 exd5 36.Rg2 Qf6 37.Bc3 Qh6
38.Kg1 h3 39.fxg5 Qxg5 40.Rgf2 f4 41.exf4 Bxf4 42.Bd2 Bg6 43.Bxf4 Rxf4 44.Qe3 Bxc2
45.Rxc2 Rf6 46.Qxg5 Rxg5 47.Be2 Rgf5 48.Rc1 Rh6 49.Bg4 Rf7 50.Re1 Kf8 51.Re3 Re7
52.Rf3+ Kg7 53.Kf2 Re4 54.Bf5 Rxd4 55.Ke2 c5 56.g4 Rb4 57.Rd3 c4 58.bxc4 dxc4
59.Rd7+ Kf6 60.Ke3 c3 61.Rc7 Rxa4 62.Rxc3 Ke5 63.Rb3 Rb4  0-1

[Event "TCh-SWE Elitserien 2010-11"]
[Site "Sweden SWE"]
[Date "2011.03.13"]
[Round "11"]
[White "Burwick,M"]
[Black "Krantz,C"]
[Result "0-1"]
[WhiteElo "2229"]
[BlackElo "2190"]

1.d4 d5 2.Nf3 Nf6 3.c4 c6 4.Nc3 a6 5.c5 Bf5 6.g3 Nbd7 7.Bg2 h6 8.O-O e6 9.Bf4 Be7
10.Rc1 O-O 11.Qb3 Qc8 12.Na4 Re8 13.Ne5 Bd8 14.f3 Bc7 15.Nxd7 Nxd7 16.Bxc7 Qxc7
17.e4 Bg6 18.e5 Reb8 19.Nb6 Nxb6 20.cxb6 Qd8 21.Rfe1 Qg5 22.a4 h5 23.Qc3 Qe7
24.b4 Qd8 25.Qc5 Bd3 26.Qc3 Bc4 27.a5 Qg5 28.Bh3 g6 29.f4 Qe7 30.Re3 Kf8
31.Rce1 Ke8 32.Qb2 Kd7 33.Rc1 Rh8 34.Qd2 Rag8 35.Qe1 g5 36.f5 g4 37.f6 Qf8
38.Bg2 h4 39.Rxc4 dxc4 40.Qc3 Qh6 41.Re2 hxg3 42.hxg3 Rg5 43.Rf2 Rh5 44.Kf1 Qg6
45.Qxc4 Qb1+ 46.Ke2 Rh1 47.Bxh1 Rxh1 48.Ke3 Re1+ 49.Re2 Rf1 50.Rf2 Qe1+ 51.Re2 Rf3+
52.Ke4 Qxg3 53.Qc1 Rc3 54.Qf4  0-1

[Event "TCh-SWE Elitserien 2010-11"]
[Site "Sweden SWE"]
[Date "2011.03.13"]
[Round "11"]
[White "Arnelind,M"]
[Black "Couso,L"]
[Result "0-1"]
[WhiteElo "2192"]
[BlackElo "2240"]

1.d4 d5 2.c4 c6 3.Nc3 Nf6 4.Nf3 a6 5.a4 e6 6.e3 c5 7.cxd5 exd5 8.Be2 Nc6
9.O-O Bd6 10.dxc5 Bxc5 11.Nd4 O-O 12.Nxc6 bxc6 13.Bf3 Bf5 14.Ne2 Bd6 15.Nd4 Qd7
16.Nxf5 Qxf5 17.a5 c5 18.Ra4 Rfd8 19.g3 Rab8 20.Bg2 c4 21.Qe2 Bb4 22.Rd1 Qd7
23.Qc2 Qb5 24.Bd2 Bxd2 25.Rxd2 Rdc8 26.Ra3 h5 27.h3 Rc5 28.Ra1 Qb3 29.Qxb3 Rxb3
30.g4 hxg4 31.hxg4 g5 32.Bf3 Rbb5 33.Rad1 Kg7 34.Kg2 Rxa5 35.Rd4 Rab5 36.R1d2 a5
37.Kh3 a4 38.e4 c3 39.bxc3 Rxc3 40.Kg2 dxe4 41.Bxe4 a3 42.Bf5 Ra5 43.Bb1 Rb3
44.Ba2 Rb2 45.f3 Rxd2+ 46.Rxd2 Rb5 47.Kf1 Rb2 48.Ke1 Rxd2 49.Kxd2 Nd7 50.Ke3 Ne5
51.Ke4 Kf6 52.f4 gxf4 53.Kxf4 Nc6 54.g5+ Kg7  0-1

[Event "Elitzur Winter IM"]
[Site "Petach Tikva ISR"]
[Date "2011.03.16"]
[Round "9"]
[White "Tarnopolsky,A"]
[Black "Nisman,B"]
[Result "1/2-1/2"]
[WhiteElo "2273"]
[BlackElo "2371"]

1.d4 d5 2.c4 c6 3.Nc3 Nf6 4.Nf3 a6 5.a4 a5 6.Bg5 e6 7.e3 h6 8.Bh4 Nbd7 9.Bd3 Be7
10.O-O O-O 11.Qc2 b6 12.cxd5 exd5 13.Bg3 Ba6  1/2-1/2

[Event "ch-Southern FR Men"]
[Site "Armavir RUS"]
[Date "2011.03.17"]
[Round "6"]
[White "Samsonov,E"]
[Black "Mrykhin,Igor"]
[Result "0-1"]
[WhiteElo "1788"]
[BlackElo "2129"]

1.d4 d5 2.c4 c6 3.Nc3 Nf6 4.Nf3 a6 5.e3 e6 6.Bd3 dxc4 7.Bxc4 b5 8.Bd3 c5
9.Ne4 Nbd7 10.O-O Bb7 11.Nc3 Qc7 12.Bd2 Bd6 13.Rc1 Qb8 14.h3 h5 15.Re1 g5
16.Nxg5 Rg8 17.Nce4 c4 18.Bb1 Be7 19.Nxf6+ Nxf6 20.e4 Ng4 21.hxg4 Bxg5 22.Bxg5 Rxg5
23.gxh5 Qf4 24.Rc3 O-O-O 25.Rf3 Qh4 26.Ree3 Qxh5 27.Qd2 Qh8 28.d5 exd5 29.Rh3 Qf6
30.Ref3 Qe7 31.Rxf7 Rxg2+ 32.Kxg2 Qxf7 33.Qe2 dxe4 34.Bxe4 Qg6+ 35.Rg3 Qxe4+  0-1

[Event "ch-Moscow S/F 2011"]
[Site "Moscow RUS"]
[Date "2011.03.19"]
[Round "4"]
[White "Rozanov,P"]
[Black "Anfinogenov,A"]
[Result "1-0"]
[WhiteElo "2281"]
[BlackElo "2080"]

1.d4 d5 2.Nf3 Nf6 3.c4 c6 4.Nc3 a6 5.a4 e6 6.Bg5 Bb4 7.e3 Qa5 8.Bxf6 Bxc3+
9.bxc3 Qxc3+ 10.Nd2 gxf6 11.cxd5 exd5 12.a5 Bg4 13.Be2 Bxe2 14.Kxe2 Qb4 15.Rb1 Qxa5
16.Rxb7 Nd7 17.Qc2 Rc8 18.Nb3 Qd8 19.Nc5 Rc7 20.Rhb1 Rxb7 21.Rxb7 Nb6 22.Qf5 a5
23.Ne6 Qc8 24.Qxf6 Qxe6 25.Qxh8+  1-0

[Event "TCh-SUI 2011"]
[Site "Switzerland SUI"]
[Date "2011.03.20"]
[Round "2.7"]
[White "Grandadam,N"]
[Black "Fierz,M"]
[Result "1-0"]
[WhiteElo "2286"]
[BlackElo "2326"]

1.Nf3 d5 2.d4 Nf6 3.c4 c6 4.Nc3 a6 5.a4 e6 6.Bg5 a5 7.e3 Be7 8.Be2 O-O 9.O-O b6
10.Qb3 Ba6 11.Rfc1 Re8 12.Ne5 Nfd7 13.Nxd7 Nxd7 14.Bxe7 Qxe7 15.cxd5 exd5
16.Bxa6 Rxa6 17.Ne2 Qd6 18.Rc2 Ra7 19.Nf4 Rb7 20.Rac1 Nb8 21.h3 h6 22.Nd3 Ree7
23.Qa3 Qd8 24.b4 Qd6 25.Qb3 axb4 26.Qxb4 Qd8 27.Qb3 Rec7 28.Rb2 Nd7 29.a5 Qa8
30.axb6 Rxb6 31.Qc3 Rxb2 32.Qxb2 Rb7 33.Qc3 Rb6 34.Nb4 Nf6 35.Nxc6 Ne4 36.Ne7+ Kf8
37.Qc2 g6 38.f3 Nf6 39.Nxg6+ fxg6 40.Qc5+  1-0

[Event "ch-VIE Women"]
[Site "Da Lat VIE"]
[Date "2011.03.21"]
[Round "2.5"]
[White "Le Kieu Thien Kim"]
[Black "Pham Thi Thu Hien"]
[Result "1/2-1/2"]
[WhiteElo "2252"]
[BlackElo "2055"]

1.d4 d5 2.Nf3 Nf6 3.c4 c6 4.Nc3 a6 5.cxd5 cxd5 6.Bf4 e6 7.e3 b5 8.Bd3 Bd6
9.Ne5 O-O 10.O-O Bb7 11.Rc1 h6 12.Bb1 Qe7 13.Qd3 Rc8 14.Ne2 Nbd7 15.Nxd7 Qxd7
16.Be5 Qd8 17.Nf4 Kf8 18.f3 Bxe5 19.dxe5 Nd7 20.Qd4 Qb6 21.Kf2 Rc4 22.Qxb6 Nxb6
23.b3 Rcc8  1/2-1/2

[Event "ch-VIE Men"]
[Site "Da Lat VIE"]
[Date "2011.03.21"]
[Round "3.6"]
[White "Bao Khoa"]
[Black "Vo Thanh Ninh"]
[Result "1/2-1/2"]
[WhiteElo "2262"]
[BlackElo "2315"]

1.d4 d5 2.c4 c6 3.Nc3 Nf6 4.Nf3 a6 5.e3 b5 6.b3 Bg4 7.Be2 e6 8.Ne5 Bxe2 9.Qxe2 Bb4
10.Bd2 O-O 11.O-O Qe7 12.Rac1 Bd6 13.f4 Ne4 14.Be1 f6 15.Nd3 Nd7 16.Bh4 Qf7
17.cxd5 exd5 18.Nxe4 dxe4 19.Nf2 Rac8 20.Nxe4 Ba3 21.Rc2 Rfe8 22.Nd2 Qd5
23.Bf2 f5 24.Rd1 Nf6 25.Nf3 Qe6 26.Ne5 Bd6 27.Qf3 Bxe5 28.fxe5 Nd5 29.Rc5 Rb8
30.Be1 Qg6 31.Rdc1 Re6 32.Rxc6 Rxc6 33.Qxd5+ Re6 34.Rc6 Re8 35.Rxa6 Qf7 36.Rxe6 Qxe6
37.Qxe6+ Rxe6 38.a4 bxa4 39.bxa4 Kf7 40.Kf2 Rc6 41.a5 Ke6 42.Kf3 Rc2 43.Bh4 h6
44.Bd8 g5 45.h3 Rc3 46.g3 Ra3 47.Bb6 Kd5 48.h4 gxh4 49.gxh4 Ra2 50.Kf4 Rf2+
51.Kg3 Ra2 52.Kf3 Rb2 53.Bc5 Ra2 54.Bb6 Rb2 55.Bc5 Ra2 56.Bb4 Ra4 57.Bd2 Ra2
58.Ke2 Ra1 59.Bc3 Rh1 60.Be1 Rh2+ 61.Kd3 Rh1 62.Kd2 Rh2+ 63.Kc3 Ra2 64.Kd3 Rh2
65.Bg3 Rh3 66.Be1 f4 67.Bd2 fxe3 68.Bxe3 Rxh4  1/2-1/2

[Event "ch-VIE Women"]
[Site "Da Lat VIE"]
[Date "2011.03.23"]
[Round "5.6"]
[White "Le Hoang Tran Chau"]
[Black "Hoang Thi Nhu Y"]
[Result "1-0"]
[WhiteElo "2092"]
[BlackElo "2243"]

1.d4 d5 2.Nf3 Nf6 3.c4 c6 4.Nc3 a6 5.cxd5 cxd5 6.Bf4 Nc6 7.e3 Bf5 8.a3 e6
9.Nh4 Be4 10.Be2 h6 11.Nf3 Bd6 12.Bxd6 Qxd6 13.O-O O-O 14.Nd2 Bh7 15.Nb3 Nd7
16.Rc1 Rfd8 17.Na4 b5 18.Nac5 Nb6 19.Bd3 Bxd3 20.Nxd3 Nc4 21.Nbc5 a5 22.Qc2 a4
23.Qc3 Kf8 24.Rcd1 Ra7 25.Nb4 N6a5 26.e4 dxe4 27.Nxe4 Qf4 28.Rfe1 Kg8 29.d5 e5
30.d6 Rad7 31.f3 Qh4 32.Rd5 f5 33.Ng3 f4 34.Ne4 Rb7 35.Re2 Rb6 36.h3 Nxd6
37.Qxe5 Re8 38.Qd4 Nac4 39.Rc5 Nxe4 40.Rxe4 Rxe4 41.Rc8+ Kf7 42.Qxe4 Nd6
43.Rc7+ Kf8 44.Qe6 Qd8 45.Nd5 Rb7 46.Rxb7 Nxb7 47.Nxf4 Qd4+ 48.Kf1 Qc4+ 49.Qxc4 bxc4
50.Nd5 Nc5 51.Ne3 Ke7 52.Ke2 Ke6 53.Kd2 Ke5 54.Kc3 Kf4 55.Nxc4 Kg3 56.Kb4 Nd3+
57.Kxa4 Kxg2 58.Kb5 Kxh3 59.a4 Kg3 60.a5 Nf4 61.a6 Nd5 62.a7  1-0

[Event "ch-VIE Women"]
[Site "Da Lat VIE"]
[Date "2011.03.23"]
[Round "6.1"]
[White "Nguyen Thi Thanh An"]
[Black "Pham Thi Thu Hien"]
[Result "1/2-1/2"]
[WhiteElo "2349"]
[BlackElo "2055"]

1.d4 d5 2.c4 c6 3.Nf3 Nf6 4.Nc3 a6 5.e3 b5 6.b3 e6 7.Bd3 Be7 8.O-O Nbd7 9.Qc2 Bb7
10.Bb2 bxc4 11.bxc4 dxc4 12.Bxc4 c5 13.Rfd1 Bxf3 14.gxf3 cxd4 15.Rxd4 Qa5
16.Ne4 O-O 17.Kh1 Qh5 18.Be2 Rfc8 19.Rc4 Rxc4 20.Qxc4 Ne5 21.Nxf6+ Bxf6 22.Qe4 Rb8
23.Rc1 Ng6 24.Bxf6 gxf6 25.Qd4 Qh4 26.Qxh4 Nxh4 27.Bxa6 Rb2 28.a4 Rxf2 29.Rf1 Ra2
30.Bb5 Ra3 31.Bc6 Rxe3 32.Ra1 Rc3 33.Bb7 Rb3 34.Ba8 Nxf3 35.a5 Nd4 36.a6 Nb5
37.a7 Nxa7 38.Rxa7 Rb2 39.Bf3 Rb5 40.Bc6 Rb8 41.Bd7 f5 42.Kg2 Kf8 43.Bc6 Kg7
44.Bf3 Kg6 45.Rc7 Rb6 46.Kg3 h6 47.Kh4 Rb4+ 48.Kg3 Rb3 49.Kg2 f4 50.Rc5 f5
51.Rc6 Re3 52.Bd5 Kf6 53.Bc4 h5 54.h4 Ke7 55.Kf2 Kd7 56.Ra6 Ke7 57.Ra7+ Kf6
58.Ra6 Re4 59.Bd5 Re3 60.Bf3 Kg6 61.Ra1 Rc3 62.Rg1+ Kf6 63.Ra1 e5 64.Ra6+ Kg7
65.Bxh5 Rh3 66.Bg6 Rxh4 67.Bxf5 Rh6 68.Ra7+ Kf6 69.Ra6+ Kg5 70.Rxh6 Kxh6  1/2-1/2

[Event "ch-VIE Men"]
[Site "Da Lat VIE"]
[Date "2011.03.25"]
[Round "8.2"]
[White "Dao Thien Hai"]
[Black "Vo Thanh Ninh"]
[Result "1/2-1/2"]
[WhiteElo "2507"]
[BlackElo "2315"]

1.d4 d5 2.c4 c6 3.Nf3 Nf6 4.Nc3 a6 5.c5 Nbd7 6.Bf4 Nh5 7.Bd2 Nhf6 8.h3 e5
9.e3 Qe7 10.Be2 g6 11.O-O Bg7 12.b4 Ne4 13.dxe5 Nxe5 14.Nd4 Nxc3 15.Bxc3 O-O
16.Qc2 Nd7 17.Qb2 f5 18.a4 Nf6 19.Nb3 Ne4 20.Bxg7 Qxg7 21.Qxg7+ Kxg7 22.Bd3 Ng5
23.f3 Bd7 24.Rfd1 Rae8 25.h4 Nf7 26.Kf2 Re7 27.Bf1 Rfe8 28.Rd3 Nd8 29.Na5 Kf6
30.Rad1 Be6 31.R1d2 Rc7 32.g3 Bf7 33.Bg2 Ne6 34.Nb3 Nf8 35.Rc3 Nd7 36.Rd4 Rec8
37.Nd2 Ra8 38.Nb3 Rac8 39.Bh3 Be6 40.Rd1 Ra8 41.Rd4 h5 42.Rc1 Rac8 43.Rc3 Ra8
44.Rf4 Kg7 45.Nd4 Bf7 46.Nb3 Nf6 47.Rd4 Be6 48.Bf1 Bd7 49.Be2 Be8 50.Rd1 Kf7
51.Nd4 Ke7 52.Rb1 Rac8 53.Rcc1 Bd7 54.Bd3 Kf7 55.Rb2 Be8 56.Re2 Bd7 57.Ke1 Be8
58.Kd2 Re7 59.Kc3 Bd7 60.Rce1 Kg7 61.Nb3 Be8 62.Na5 Bf7 63.Kd4 Ra8 64.Ra1 Be8
65.Rb2 Rc7 66.b5 axb5 67.axb5 cxb5 68.Bxb5 Bc6 69.Raa2 Nd7 70.Bd3 Kf6 71.Nb3 Rcc8
72.Ra5 Nf8 73.Rba2 Ne6+ 74.Kc3 Rab8 75.Kd2 b6 76.cxb6 Rxb6 77.Nd4 Nxd4 78.exd4 Rcb8
79.Rc2 Bb7 80.Rac5 Re8 81.Bb5 Ree6 82.Ra2 Re7 83.Ra7 Ree6 84.Bd7 Re7 85.Bb5 Ree6
86.Bd3 Rb2+ 87.Kc3 Rbb6 88.Bb5 Re7 89.Kb4 Rbe6 90.Rc3 Rb6 91.Raa3 Rbe6 92.Ra1 Kg7
93.Rac1 Ba6 94.Rc7 Bxb5 95.Kxb5 Kf7 96.Rxe7+ Rxe7 97.Rc3 f4 98.gxf4 Kf6 99.Kc6 Kf5
100.Kxd5 Rd7+ 101.Kc4 Kxf4 102.d5 Kg3 103.Kd4 Kxh4 104.Ke5 g5 105.d6 g4 106.fxg4 hxg4  1/2-1/2

[Event "Karposh Open"]
[Site "Skopje MKD"]
[Date "2011.04.04"]
[Round "4"]
[White "Djordjevski,J"]
[Black "Bozilov,D"]
[Result "1-0"]
[WhiteElo "2033"]
[BlackElo "1909"]

1.d4 Nf6 2.c4 c6 3.Nf3 d5 4.Nc3 a6 5.a4 dxc4 6.e3 Bg4 7.Bxc4 e6 8.O-O Nbd7
9.Be2 Be7 10.e4 O-O 11.Bf4 Qb6 12.Qd2 Bb4 13.Qd3 h6 14.Rfd1 Rfd8 15.h3 Bh5
16.Nd2 Bxe2 17.Nxe2 Bxd2 18.Rxd2 e5 19.Be3 Qb4 20.Qc2 exd4 21.Rxd4 Qe7 22.Rc4 Ne5
23.Bc5 Qe8 24.Rc3 Ned7 25.f3 Nxc5 26.Rxc5 Qd7 27.e5 Nd5 28.Qe4 Qe7 29.Rac1 Nc7
30.Nd4 Rxd4 31.Qxd4 Ne6 32.Qe3 Nxc5 33.Rxc5 Rd8 34.Rc4 Rd1+ 35.Kh2 Qd7 36.Rg4 Rb1
37.Rd4 Qf5 38.b4 Rb2 39.f4 Qc2 40.Qf3 Rb3 41.Qg4 Kh7 42.f5 Rd3 43.f6 g6 44.Qd7 Qc4
45.Rxd3 Qf4+ 46.Rg3  1-0

[Event "Vorobets Memorial"]
[Site "Lviv UKR"]
[Date "2011.04.09"]
[Round "4"]
[White "Soloviova,L"]
[Black "Sop,S"]
[Result "1/2-1/2"]
[WhiteElo "2318"]
[BlackElo "1995"]

1.d4 d5 2.c4 c6 3.Nc3 Nf6 4.Nf3 a6 5.g3 b5 6.cxd5 cxd5 7.Bg2 e6 8.O-O Bd6
9.Bg5 Bb7 10.e4 dxe4 11.Nd2 Be7 12.Be3 O-O 13.Ndxe4 Nd5 14.Rc1 Nd7 15.Nxd5 Bxd5
16.Bf4 Rc8 17.Rxc8 Qxc8 18.Nc3 Bxg2 19.Kxg2 Qb7+ 20.Kg1 Nf6 21.Be5 Rd8 22.Qe2 h6
23.Rd1 b4 24.Na4 Qb5 25.Qc2 Nd5 26.Nc5 Rc8 27.Rc1 f6 28.Bf4 Nxf4 29.gxf4 Bxc5
30.dxc5 Qc6 31.Qd3 a5 32.b3 Kf7 33.h3 Rc7 34.Kh2 Rd7 35.Qg3 Rd2 36.Qe3 Rd5
37.Qf3 Qc7 38.c6 Rd4 39.Kg2 Rxf4 40.Qh5+ Kf8 41.Qc5+ Ke8 42.Re1 e5 43.Rd1 Rd4
44.Re1 Qd6 45.Qb6 Rd2 46.Rc1 Qd5+ 47.Kh2 Qf3 48.Kg1 Qxh3 49.c7 Qg4+ 50.Kf1 Qe2+
51.Kg2 Qg4+ 52.Kf1 Qe2+ 53.Kg2  1/2-1/2

[Event "Vorobets Memorial"]
[Site "Lviv UKR"]
[Date "2011.04.11"]
[Round "6"]
[White "Zheliandinov,V"]
[Black "Sop,S"]
[Result "1-0"]
[WhiteElo "2378"]
[BlackElo "1995"]

1.d4 d5 2.c4 c6 3.Nc3 Nf6 4.Nf3 a6 5.c5 g6 6.Bf4 Bg7 7.h3 O-O 8.e3 Bf5 9.Qb3 Qc8
10.Be2 Nbd7 11.Ne5 Ne4 12.Nxd7 Qxd7 13.Na4 Rae8 14.f3 Nf6 15.g4 Be6 16.O-O-O Kh8
17.Qb4 Ng8 18.Rd3 a5 19.Qxa5 Ra8 20.Qb4 Qe8 21.a3 f6 22.Nb6 Ra7 23.h4 Bf7
24.Bc7 e5 25.Bd6 e4 26.Rb3 Ne7 27.Bxe7 Qxe7 28.f4 g5 29.hxg5 fxg5 30.f5 Qc7
31.Qe1 Be8 32.Qg1 h5 33.Qh2 Qxh2 34.Rxh2 h4 35.Nc8 Ra8 36.Nd6 b5 37.cxb6 Bd7
38.Nb7 Rab8 39.Nc5  1-0

[Event "TCh-CZE 2010-11"]
[Site "Czech Rep CZE"]
[Date "2011.04.16"]
[Round "10.3"]
[White "Dydyshko,V"]
[Black "Jirovsky,M"]
[Result "1/2-1/2"]
[WhiteElo "2547"]
[BlackElo "2475"]

1.d4 d5 2.c4 c6 3.Nf3 Nf6 4.Nc3 a6 5.Qb3 e6 6.Bg5 Nbd7 7.e3 Be7 8.Be2 O-O
9.O-O h6 10.Bh4 dxc4 11.Qxc4 b5 12.Qd3 c5 13.a4 cxd4 14.Nxd4 Ne5  1/2-1/2

[Event "TCh-HUN 2010-11"]
[Site "Budapest HUN"]
[Date "2011.04.17"]
[Round "9"]
[White "Bernei,A"]
[Black "Bakos,B"]
[Result "0-1"]
[WhiteElo "2234"]
[BlackElo "2390"]

1.Nf3 Nf6 2.c4 c6 3.d4 d5 4.Nc3 a6 5.cxd5 cxd5 6.Bf4 Nc6 7.e3 Bf5 8.Bd3 Bxd3
9.Qxd3 e6 10.O-O Be7 11.h3 O-O 12.Rfd1 Rc8 13.Ne5 Qa5 14.a3 b5 15.Ng4 Qb6
16.Nxf6+ Bxf6 17.g4 Na5 18.Ne2 Nc4 19.Rab1 Rc6 20.Ng3 Bh4 21.Nh5 g6 22.Bg3 Bxg3
23.Nxg3 f5 24.gxf5 exf5 25.Ne2 Qd8 26.Nf4 g5 27.Ng2 Rh6 28.h4 Kh8 29.b3 Nd6
30.Rbc1 gxh4 31.Nf4 h3 32.Kh2 Qh4 33.Qf1 Ne4 34.Rc2 Rg8 35.Rdc1 Rg2+ 36.Kh1 Nxf2+
37.Qxf2 Qxf2  0-1

[Event "Norsk Open A"]
[Site "Fagernes NOR"]
[Date "2011.04.17"]
[Round "4"]
[White "Rubio Mejia,L"]
[Black "Bjornes,L"]
[Result "1-0"]
[WhiteElo "2409"]
[BlackElo "1994"]

1.d4 d5 2.c4 c6 3.Nc3 Nf6 4.Nf3 a6 5.e3 b5 6.c5 Bg4 7.Qb3 Nbd7 8.a4 e6 9.Qa3 Rc8
10.axb5 axb5 11.Qa5 Qxa5 12.Rxa5 Be7 13.Na2 O-O 14.Nb4 Rc7 15.Bd3 e5 16.Bc2 e4
17.Nd2 Nb8 18.f3 Bf5 19.fxe4 dxe4 20.O-O Bg6 21.Nb3 Rd8 22.Ra8 Nbd7 23.Rxd8+ Bxd8
24.Bd2 Nb8 25.Ra1 Nfd7 26.Ra8 Rc8 27.Be1 Bg5 28.Bf2 Rd8 29.h4 Be7 30.Na5 Nb6
31.Ra7 Nc8 32.Rb7  1-0

[Event "Norsk Open A"]
[Site "Fagernes NOR"]
[Date "2011.04.17"]
[Round "5"]
[White "Thingstad,E"]
[Black "Kasparov,S"]
[Result "0-1"]
[WhiteElo "2155"]
[BlackElo "2473"]

1.d4 d5 2.c4 c6 3.Nf3 Nf6 4.Nc3 a6 5.c5 Nbd7 6.Bf4 g6 7.e3 Bg7 8.Nd2 O-O
9.Be2 Re8 10.O-O e5 11.dxe5 Nxe5 12.b4 Bf5 13.Nb3 Bg4 14.Bxe5 Bxe2 15.Qxe2 Rxe5
16.Nd4 Ne4 17.Rac1 Nxc3 18.Rxc3 Re4 19.Rd1 Qe7 20.Rcd3 a5 21.a3 axb4 22.axb4 Bxd4
23.Rxd4 Rxd4 24.Rxd4 Ra1+ 25.Rd1 Rxd1+ 26.Qxd1 Qe4 27.Qb3 d4 28.Kf1 dxe3
29.fxe3 Qf5+ 30.Kg1 h5 31.h3 Qe5 32.Kf2 Kg7 33.Qc4 Kf6 34.Kf3 g5 35.Kf2 Ke7
36.Qb3 h4 37.Kg1 f5 38.Qc4 Qxe3+ 39.Kh1 Kf6 40.b5 Qe1+ 41.Kh2 Qe6 42.Qa4 Qe5+
43.Kh1 Qxc5 44.bxc6 bxc6 45.Qa8 Qc1+ 46.Kh2 Qf4+ 47.Kh1 Qe4 48.Qh8+ Ke6 49.Qg8+ Ke5
50.Qxg5 c5 51.Qg7+ Kd5 52.Qd7+ Kc4 53.Qa4+ Kd3 54.Qa3+ Kd4 55.Qa1+ Kd5 56.Qa8+ Kd6
57.Qa6+ Ke5 58.Qa5 Qd4 59.Qc7+ Ke4 60.Qb7+ Kf4 61.Qc7+ Ke3 62.Qe7+ Kf2 63.Kh2 Qf4+  0-1

[Event "XLII Abierto Internacional"]
[Site "Mar del Plata ARG"]
[Date "2011.04.17"]
[Round "3.26"]
[White "Speziale,Tomas"]
[Black "Leskovar,Mat"]
[Result "0-1"]
[WhiteElo "2025"]
[BlackElo "2278"]

1.d4 Nf6 2.Nf3 d5 3.c4 c6 4.Nc3 a6 5.h3 dxc4 6.e4 b5 7.Bg5 b4 8.Bxf6 bxc3
9.bxc3 exf6 10.Bxc4 Be7 11.O-O O-O 12.Qc2 Qc7 13.Rfe1 a5 14.Rad1 Ba6 15.Bxa6 Nxa6
16.Nh4 g6  0-1

[Event "London League 2010-11"]
[Site "London ENG"]
[Date "2011.04.18"]
[Round "11"]
[White "Buckley,G"]
[Black "Crouch,C"]
[Result "1/2-1/2"]
[WhiteElo "2394"]
[BlackElo "2343"]

1.d4 d5 2.c4 c6 3.Nf3 Nf6 4.Nc3 a6 5.e3 b5 6.b3 Bg4 7.Be2 e6 8.h3 Bh5 9.O-O Nbd7
10.Bb2 bxc4 11.bxc4 Rb8 12.Rb1 Bg6 13.Bd3 Qa5 14.Bxg6 hxg6 15.Qc2 Be7 16.Ba1 O-O
17.Nd2 g5 18.Qa4 Qxa4 19.Nxa4 Bb4 20.Bc3 a5 21.Rb3 Bxc3 22.Nxc3 Rb4 23.Rfb1 Rfb8
24.c5 e5 25.a3 Rxb3 26.Rxb3 Re8 27.Kf1 exd4 28.exd4 g4 29.Rb7 gxh3 30.gxh3 Nf8
31.Nb3 Ne6 32.Rb6 Rc8 33.Ne2 Ne4 34.Nxa5 Ra8 35.Nxc6 Rxa3 36.Ne7+ Kh7  1/2-1/2

[Event "Caissa IM April 2011"]
[Site "Kecskemet HUN"]
[Date "2011.04.21"]
[Round "6.1"]
[White "Sarosi,Z"]
[Black "Gupta,B"]
[Result "1-0"]
[WhiteElo "2313"]
[BlackElo "1804"]

1.d4 d5 2.c4 c6 3.Nf3 Nf6 4.Nc3 a6 5.c5 Nbd7 6.Bf4 Nh5 7.e3 Nxf4 8.exf4 e6
9.Bd3 Be7 10.O-O O-O 11.b4 b5 12.a4 Bb7 13.Qc2 g6 14.Qb2 Qc7 15.g3 Bf6 16.Ne5 Bxe5
17.fxe5 f5 18.exf6 e5 19.f4 e4 20.Be2 Nxf6 21.Nd1 Rae8 22.Ne3 Bc8 23.Kg2 h5
24.axb5 axb5 25.Ra5 Bf5 26.Rfa1 Qd7 27.Ra7 Bh3+ 28.Kg1 Qe6 29.R1a6 Qc8 30.Qa2 Rf7
31.Qa5 Rxa7 32.Rxa7 Bd7 33.Qb6 Rf8 34.Bf1 Qd8 35.Qa6 Qc8 36.Qa5 Qd8 37.h3 Qc8
38.Kh2 Kh8 39.Qb6 Kg8 40.Rc7 Qb8 41.Qa7 Qxa7 42.Rxa7 Rc8 43.Be2 Kf8 44.g4 hxg4
45.hxg4 Ke7 46.g5 Rh8+ 47.Kg1 Nh5 48.Bg4 Rd8 49.f5 Ke8 50.f6 Nf4 51.f7+ Ke7
52.Bxd7 Ne2+ 53.Kf2 Nxd4 54.Bxc6+ Kf8 55.Bxd5 Nf5 56.Nxf5 gxf5 57.g6 Kg7
58.f8=Q+  1-0

[Event "Philadelphia Open"]
[Site "Philadelphia USA"]
[Date "2011.04.21"]
[Round "2"]
[White "Stocek,J"]
[Black "Lapshun,Y"]
[Result "1/2-1/2"]
[WhiteElo "2580"]
[BlackElo "2438"]

1.d4 d5 2.Nf3 Nf6 3.c4 c6 4.Nc3 a6 5.a4 Bf5 6.Qb3 Ra7 7.a5 e6 8.Qb6 Qxb6
9.axb6 Ra8 10.c5 Nbd7 11.e3 Be7 12.Be2 O-O 13.O-O Rfe8 14.Nd2 Rad8 15.Nb3 Nb8
16.Na5 Rd7 17.f3 h6 18.Bd2 Nh7 19.g4 Bg6 20.Be1 e5 21.Rd1 Nf8 22.Bg3 exd4
23.exd4 Ne6 24.Be5 f6 25.Bxb8 Rxb8 26.b4 Ra8 27.Bd3 Bxd3 28.Rxd3 Rf8 29.Re1 Nd8
30.Rde3 Rf7 31.Kg2 f5 32.Nb3 fxg4 33.fxg4 Bg5 34.Re8+ Rf8 35.Kg3 Rf7 36.Rxf8+ Kxf8
37.Nd1 Re7 38.Rxe7 Kxe7 39.h4 Bf6 40.Ne3 g6 41.h5 Bg5 42.Ng2 Kf6 43.hxg6 Kxg6
44.Ne1 Kf6 45.Nf3 Ke6 46.Nh4 Bf6 47.Nf5 h5 48.Kf4 hxg4 49.Kxg4 Be7 50.Na5 Kf6
51.Nb3 Ke6 52.Nc1 Nf7 53.Ng7+ Kd7 54.Nb3 Bf8 55.Nh5 Ke6 56.Na5 Nd8 57.Kg5 Be7+
58.Kg4 Bf8 59.Nf4+ Kf6 60.Nb3 Bh6 61.Nd3 Be3 62.Kf3 Bh6 63.Ne5 Ke6 64.Ke2 Bf4
65.Nd3  1/2-1/2

[Event "ch-BOT"]
[Site "Gaborone BOT"]
[Date "2011.04.22"]
[Round "2"]
[White "Kamara,Abdul"]
[Black "Molale,O"]
[Result "0-1"]
[WhiteElo "1937"]
[BlackElo "2196"]

1.Nf3 Nf6 2.c4 c6 3.Nc3 d5 4.d4 a6 5.c5 Nbd7 6.Bf4 Nh5 7.e3 g6 8.Be2 Bg7
9.Bg5 h6 10.Bh4 b5 11.cxb6 Qxb6 12.O-O g5 13.Na4 Qc7 14.Nd2 gxh4 15.Bxh5 Nf6
16.Bf3 h3 17.g3 e5 18.e4 O-O 19.dxe5 Qxe5 20.Re1 Qd4 21.Nc3 Rb8 22.Qc2 Ng4
23.Nb3 Qf6 24.Qd1 Ne5 25.Be2 d4 26.Nxd4 Rd8 27.Kf1 c5 28.Nd5 Rxd5 29.exd5 cxd4
30.Qxd4 Qd6 31.Qd2 Ng4 32.Bxg4 Bxg4 33.Kg1 Bf5 34.Rac1 Rxb2 35.Rc8+ Kh7 36.Rc6  0-1